Mexico -PNL- Paroles - Statistiques

Statistiques générales
  • Ce quiz a été pris 203 fois
  • Le résultat moyen est 281 sur 471
Statistiques - réponses
Paroles % Correct
de
97%
ce
93%
dans
92%
Dans
92%
la
92%
l'a
92%
92%
La
92%
92%
à
91%
a
91%
A
91%
c'est
88%
F
88%
jour
88%
qu'
88%
Chaque
85%
chaque
85%
le
83%
on
83%
On
83%
que
83%
su
83%
Mexico
82%
mon
82%
J'ai
81%
j'ai
81%
sur
81%
j'me
80%
Lune
78%
pour
78%
haine
75%
en
74%
fait
74%
un
74%
comme
73%
pas
73%
Pas
73%
qu'on
73%
tire
73%
toujours
73%
Toujours
73%
j'rêve
72%
Juge
72%
survivre
71%
Tu
71%
tu
71%
veut
70%
dégaine
69%
Dites
69%
j'vis
68%
Mowgli
68%
c'monde
67%
oui
66%
sauvage
65%
grandi
63%
j'le
63%
les
63%
Ma
63%
ma
63%
peu
63%
putes
63%
tête
63%
J'voulais
62%
par
61%
si
61%
j'marche
60%
J'marche
60%
l'monde
60%
du
58%
frère
58%
j'suis
58%
Ouais
58%
ouais
58%
oublie
57%
appel
56%
oh
56%
Oh
56%
se
56%
jours
55%
normal
55%
qui
55%
et
54%
suis
52%
Tous
52%
bien
50%
une
49%
bon-char
48%
encaisse
48%
est
48%
guerre
48%
l'faire
48%
Nous
48%
Il
47%
Arriba
46%
arriba
46%
doit
46%
Eh
46%
eh
46%
sursis
46%
j'aime
45%
célèbre
44%
espagnol
44%
doigt
43%
double
43%
Moi
43%
ta
43%
ténèbres
43%
T'inquiète
43%
m'comprends
42%
être
40%
l'air
40%
m'embrasser
40%
quand
39%
Anglais
38%
bicrave
38%
coeur
38%
croit
38%
éclaire
38%
fais
38%
folle
38%
Parait
38%
Tout
38%
des
37%
genre
37%
j'vais
37%
drague
36%
l'oseille
36%
qu'tu
36%
appelle
33%
bambina
33%
cassos
33%
durs
33%
loca
33%
m'cherches
33%
miff
33%
Pétasse
33%
Seul
33%
seul
33%
sourcil
33%
vida
33%
ailes
31%
Clochard
31%
deuxième
31%
qu'ils
31%
Qu'ils
31%
viens
31%
16
30%
ne
30%
igo
29%
J'fronce
29%
Me3lich
29%
projets
29%
au
28%
eux
28%
Judas
28%
kill
28%
t'raccroche
28%
Y'a
28%
Faudrait
27%
fécondés
27%
forts
27%
l'asile
27%
l'obscurité
27%
naissent
27%
rien
27%
ombre
26%
dents
25%
j'épouse
25%
plait
25%
quelques
25%
tourne
25%
voir
25%
36
24%
avenir
24%
Belle
24%
j'te
24%
liasse
24%
mes
24%
pouces
24%
rétine
24%
c'dans
23%
d'la
23%
fée
23%
grain
23%
ient-cli
23%
miens
23%
mieux
23%
s'brulent
23%
graine
22%
résonne
22%
s'écarte
22%
trop
22%
anges
21%
banlieue
21%
j'roule
21%
leur
21%
yeux
21%
combien
20%
d'scie
20%
J'connais
20%
J'recompte
20%
j'recompte
20%
Donc
19%
niquent
19%
plus
19%
Wesh
19%
frontières
18%
Hmm
18%
j'écris
18%
j'ferme
18%
larmes
18%
lequel
18%
l'gout
18%
texte
18%
Avec
17%
dos
17%
j'm'endormais
17%
l'hall
16%
chiquita
15%
place
15%
contient
14%
Peine
14%
cave
13%
coffre
13%
cuir
13%
J'm'écarte
13%
mother
13%
poche
13%
qu'je
12%
Yeah
12%
d'contes
11%
ferme
7%
Aucun quiz correspondant
Distribution des résultats
% des personnes avec chaque résultat
Percentile par nombre de réponses
Votre historique - résultats
Vous n’avez pas pris ce quiz